| 000 | 01042nam a22002777a 4500 | ||
|---|---|---|---|
| 001 | BR7806941 | ||
| 003 | BR-BrBNA | ||
| 005 | 20230928085802.0 | ||
| 007 | ta | ||
| 008 | 230509b bl.||||| |||| 00| 0 por d | ||
| 040 |
_aBR-BrBNA _bpor _cBiblioteca Nacional de Agricultura |
||
| 041 | _a(De) | ||
| 072 |
_aH10; H20 _b/G514 |
||
| 090 | _ H10 BR7806941 | ||
| 100 | 1 | _aHoffmann, D. | |
| 110 | 1 |
_aUniversitat Zu Freiburg im Breisgau (Germany). Forstwissenschaftlichen Fakultat der Albert-Ludwigs _0Dissertation (Doktorwurde) |
|
| 245 | 1 | _aCydia (Laspeyresia)araucariae: ein Forstschandeing der araukarie in Brasilien (Lep., Tortricidae)[praga de planta, doenca de planta, controle quimico, pinheiro] | |
| 260 | 3 |
_aFreiburg (Germany): _c1978. |
|
| 300 | _a124 p. | ||
| 500 | _aSummaries (Ger, Eng, Por). (*) Documento disponível na(o) UFPR, Curitiba, PR (Brazil). Biblioteca Central | ||
| 650 | _aPRAGA DE PLANTA | ||
| 650 | _aDOENCA DE PLANTA | ||
| 650 | _aCONTROLE QUIMICO | ||
| 909 |
_a202309 _bLucia _c55 _dLucia Elande |
||
| 942 | _cBK | ||
| 999 |
_c26324 _d26324 |
||